|
|
|
|
| LEADER |
00000nas a22000007a 4500 |
| 001 |
ssj0022810 |
| 003 |
WaSeSS |
| 005 |
20200512172242.0 |
| 006 |
m d |
| 007 |
cr n |
| 008 |
870306c198u9999paumr p s 0 a0eng d |
| 010 |
|
|
|a sn 87000306
|
| 022 |
|
|
|l 0892-8835
|y 0892-8835
|
| 035 |
|
|
|a (WaSeSS)ssj0022810
|
| 037 |
|
|
|b Southern New Jersey Business Digest, 2449 Golf Rd., Philadelphia, PA 19131
|
| 040 |
|
|
|a NSDP
|b eng
|c NSDP
|d DLC
|d OCoLC
|d WaSeSS
|
| 042 |
|
|
|a nsdp
|
| 082 |
1 |
0 |
|a 650
|2 11
|
| 210 |
0 |
|
|a South. N.J. bus. dig.
|
| 222 |
|
0 |
|a Southern New Jersey business digest
|
| 245 |
0 |
0 |
|a Southern New Jersey business digest
|h [electronic resource].
|
| 246 |
3 |
0 |
|a Business digest
|
| 246 |
3 |
0 |
|a Business digest of southern New Jersey
|
| 260 |
|
|
|a [Phila., PA :
|b George Polgar]
|
| 310 |
|
|
|a Monthly
|
| 506 |
|
|
|a License restrictions may limit access.
|
| 588 |
|
|
|a Description based on surrogate of: Vol. 2, no. 5 (Feb. 1986); title from caption.
|
| 655 |
|
0 |
|a Electronic journals.
|
| 856 |
4 |
0 |
|z Full text available from Research Library: 01/01/1985 to 02/28/1989
|u https://search.proquest.com/publication/31558
|